000 00265nam a2200109 a 4500
005 20140414093832.0
008 970109s19uu xx 00 eng d
050 _aVHS 500
_bOR 09
245 _aDiscover Science :
_bActivity Video.
942 _cAVM
999 _c108767
_d108767